Baby Girl Names That Only Appeared Once in the US Top 20 With First Le - Statistics

General Stats
  • This quiz has been taken 41 times
  • The average score is 13 of 45
Answer Stats
Year Starts with Name % Correct
2000 V Victoria
74%
2000 H Hannah
65%
1990 D Danielle
57%
2020 A Amelia
48%
2010 C Chloe
48%
2010 L Lily
43%
1980 T Tiffany
43%
2020 A Avery
39%
2020 C Charlotte
39%
1930 J Jean
39%
2020 C Camilla
35%
1950 D Diane
35%
2020 G Gianna
35%
1970 L Laura
35%
2010 N Natalie
35%
1980 R Rebecca
35%
2000 T Taylor
35%
1990 A Amber
30%
1940 J Judith
30%
1970 J Julie
30%
2020 L Luna
30%
1930 D Doris
26%
1930 F Frances
26%
1930 R Ruth
26%
1930 V Virginia
26%
1930 A Alice
22%
2000 B Brianna
22%
1970 D Dawn
22%
1980 E Erin
22%
2010 H Hailey
22%
2020 H Harper
22%
2020 M Mila
22%
1970 T Tammy
22%
1960 T Teresa
22%
1990 C Courtney
17%
1980 C Crystal
17%
1930 L Lois
17%
1970 T Tracy
17%
2010 A Addison
13%
1990 B Brittany
13%
1960 C Cheryl
13%
1950 K Kathleen
13%
1960 L Lori
13%
1930 D Dolores
9%
1960 C Cynthia
4%
No matching quizzes found
Score Distribution
Percent of People with Each Score
Percentile by Number Answered
Your Score History
You have not taken this quiz